[Event "Veneto-ch qf 79th"]
[Site "Padova"]
[Date "2020.02.22"]
[Round "2.9"]
[White "Simonetto, Alessio"]
[Black "Moretti, Filippo"]
[Result "1/2-1/2"]
[WhiteElo "2151"]
[BlackElo "1969"]
[PlyCount "103"]
[EventDate "2020.02.21"]
[EventType "swiss"]
[EventRounds "3"]
[EventCountry "ITA"]
[SourceTitle "EXT 2024"]
[Source "ChessBase"]
[SourceDate "2023.10.10"]
[SourceVersion "1"]
[SourceVersionDate "2023.10.10"]
[SourceQuality "1"]

1. b3 d6 2. Bb2 Nc6 3. e3 e5 4. Nf3 f5 5. c4 Nf6 6. d4 e4 7. Nfd2 g6 8. Nc3 Bg7 9. a3 0-0 10. g3 a6 11. Qc2 Bd7 12. Be2 Rb8 13. 0-0-0 Na7 14. h4 h5 15. f3 exf3 16. Bxf3 b5 17. Rhe1 c6 18. e4 fxe4 19. Ncxe4 Bf5 20. Nxf6+ Qxf6 21. Be4 d5 22. Bxf5 Qxf5 23. Qxf5 Rxf5 24. Re7 Rf7 25. Rxf7 Kxf7 26. Rf1+ Kg8 27. Re1 bxc4 28. bxc4 Bh6 29. Bc3 dxc4 30. Kc2 Bxd2 31. Kxd2 Nb5 32. Re6 Kf7 33. Rxc6 Nxc3 34. Kxc3 Rb3+ 35. Kxc4 Rxa3 36. d5 Rxg3 37. Rxa6 Rg4+ 38. Kc5 Rxh4 39. d6 Ke6 40. d7+ Kxd7 41. Rxg6 Rh1 42. Kd5 Ke7 43. Ke5 Kf7 44. Rg2 h4 45. Kf4 Kf6 46. Kg4 Ke5 47. Re2+ Kd4 48. Rf2 h3 49. Kg3 Ke3 50. Rh2 Rxh2 51. Kxh2 Kf3 52. Kxh3 1/2-1/2

[Event "Lisbon Portugal op"]
[Site "Lisbon"]
[Date "2020.01.27"]
[Round "4"]
[White "Risting, Eivind Olav"]
[Black "Moretti, Filippo"]
[Result "1-0"]
[WhiteElo "2306"]
[BlackElo "1969"]
[PlyCount "97"]
[EventDate "2020.01.25"]
[EventType "swiss"]
[EventRounds "9"]
[EventCountry "POR"]
[SourceTitle "CBM 194"]
[Source "ChessBase"]
[SourceDate "2020.01.27"]
[SourceVersion "1"]
[SourceVersionDate "2020.01.27"]
[SourceQuality "1"]

1. d4 Nf6 2. c4 e6 3. Nc3 Bb4 4. Nf3 b6 5. e3 Bb7 6. Bd3 0-0 7. 0-0 d5 8. cxd5 exd5 9. Bd2 Nbd7 10. Rc1 c5 11. dxc5 bxc5 12. Na4 Qa5 13. Bxb4 Qxb4 14. a3 Qa5 15. b4 cxb4 16. axb4 Qd8 17. Qb3 Ng4 18. Qb2 Re8 19. Nc5 Nxc5 20. bxc5 Bc6 21. h3 Qf6 22. Qxf6 Nxf6 23. Nd4 Rec8 24. Ba6 Rc7 25. Nxc6 Rxc6 26. Bb7 Rac8 27. Bxc8 Rxc8 28. c6 g6 29. Rc2 Kf8 30. Rb1 Rc7 31. Rb7 Ne8 32. Rd2 Rxc6 33. Rxd5 a6 34. Rd8 Re6 35. Ra8 Kg7 36. Raa7 Rf6 37. Rb8 Re6 38. Rba8 Nf6 39. Rxa6 Re5 40. Rc6 Rb5 41. Ra7 Nd5 42. Rd6 Nf6 43. f3 Rb2 44. e4 Rb5 45. Rc6 Ne8 46. f4 h5 47. e5 Rb1+ 48. Kh2 Re1 49. Rc8 1-0

[Event "Lisbon Portugal op"]
[Site "Lisbon"]
[Date "2019.02.02"]
[Round "1"]
[White "Moretti, Filippo"]
[Black "Campora, Daniel Hugo"]
[Result "0-1"]
[WhiteElo "1928"]
[BlackElo "2419"]
[PlyCount "58"]
[EventDate "2019.02.02"]
[EventType "swiss"]
[EventRounds "9"]
[EventCountry "POR"]
[SourceTitle "CBM 188 Extra"]
[Source "ChessBase"]
[SourceDate "2019.02.26"]
[SourceVersion "1"]
[SourceVersionDate "2019.02.26"]
[SourceQuality "1"]

1. e4 e5 2. Nf3 Nc6 3. d4 exd4 4. Nxd4 Bb4+ 5. c3 Bc5 6. Be3 Bb6 7. Nd2 Nf6 8. Bd3 Ne5 9. Qe2 0-0 10. 0-0 Re8 11. Bc2 d5 12. f4 Neg4 13. e5 c5 14. N4b3 Nxe3 15. Qxe3 d4 16. cxd4 cxd4 17. Qd3 g6 18. exf6 Bf5 19. Qg3 d3+ 20. Kh1 dxc2 21. Nf3 Qxf6 22. Nh4 Re3 23. Qg5 Qxg5 24. fxg5 Bd3 25. Rfc1 Rd8 26. Nf3 Re2 27. Re1 Be3 28. Ne5 Rxe1+ 29. Rxe1 Be2 0-1